Statistics for UGA 2022 Roster

Click here to take the quiz!

General Stats

  • This quiz has been taken 7 times
  • The average score is 13 of 128

Answer Stats

#NameClassPosition% Correct
0Darnell WashingtonJr.TE
100%
19Brock BowersSo.TE
67%
88Jalen CarterJr.DL
67%
2Kendall MiltonJr.RB
67%
84Ladd McConkeyR-So.WR
67%
4Nolan SmithSr.OLB
67%
13Stetson BennettSr.QB
67%
5Adonai MitchellSo.WR
33%
11Arian SmithR-So.WR
33%
99Bear AlexanderFr.DL
33%
92Brett ThorsonFr.P
33%
12Brock VandagriffR-Fr.QB
33%
15Carson BeckR-So.QB
33%
32Cash JonesR-Fr.RB
33%
32Chaz ChamblissSo.OLB
33%
83Cole SpeerFr.WR
33%
26Collin DrakeR-Fr.QB
33%
17Dan JacksonJr.DB
33%
77Devin WillockR-So.OL
33%
14Gunner StocktonFr.QB
33%
10Jamon Dumas-JohnsonSo.ILB
33%
5Kelee RingoR-So.DB
33%
1Marcus Rosemy-JacksaintJr.WR
33%
1Nyland GreenR-Fr.DB
33%
4Oscar DelpFr.TE
33%
0Rian DavisJr.ILB
33%
88Ryland GoedeJr.TE
33%
63Sedrick Van PranR-So.OL
33%
2Smael Mondon Jr.So.ILB
33%
69Tate RatledgeR-So.OL
33%
23Tykee SmithJr.DB
33%
66Aliou BahFr.OL
0%
65Amarius MimsSo.OL
0%
7Arik GilbertR-So.TE
0%
58Austin BlaskeR-So.OL
0%
45Bill NortonJr.DL
0%
22Branson RobinsonFr.RB
0%
89Braxton HicksR-So.WR
0%
80Brett SeitherJr.TE
0%
59Broderick JonesR-So.OL
0%
38Brooks BortleFr.WR
0%
44Cade BrockR-So.TE
0%
78Chad LindbergR-So.OL
0%
68Chris BrownR-So.OL
0%
52Christen MillerFr.DL
0%
29Christopher SmithSr.DB
0%
16C.J. MaddenFr.DE
0%
18C.J. SmithFr.WR
0%
27C.J. WashingtonFr.LB
0%
36Colby SmithSo.DB
0%
48Cooper JohnsonFr.TE
0%
30Daijun EdwardsJr.RB
0%
19Darris SmithFr.OLB
0%
14David Daniel-SisavanhSo.DB
0%
43Davis DaySr.TE
0%
6Daylen EveretteFr.DB
0%
41Denton ShamburgerFr.DE
0%
23De’Nylon MorrissetteFr.WR
0%
86Dillon BellFr.WR
0%
8Dominick BlaylockJr.WR
0%
74Drew BoboFr.OL
0%
85Drew SheehanJr.TE
0%
37Drew SouthernR-Fr.DB
0%
53Dylan FairchildR-Fr.OL
0%
71Earnest Greene, IIIFr.OL
0%
25E.J. LightseyFr.ILB
0%
46George ViningSr.WR
0%
42Graham CollinsR-So.ILB
0%
31Grant BriscoeFr.WR
0%
72Griffin ScroggsFr.OL
0%
94Henry BatesFr.PK
0%
96Jack PodlesnySr.PK
0%
9Jackson MeeksSo.WR
0%
16Jackson MuschampR-So.QB
0%
35Jacob FlemingFr.S
0%
45Jacob HardieFr.RB
0%
64Jacob HoodFr.OL
0%
20JaCorey ThomasFr.DB
0%
9Jaheim SingletaryFr.DB
0%
11Jalon WalkerFr.ILB
0%
49Jamier MotenFr.DB
0%
55Jared WilsonR-Fr.OL
0%
99Jared ZirkelR-So.PK
0%
22Javon BullardSo.DB
0%
94Jonathan JeffersonR-Fr.DL
0%
66Jonathan WashburnR-Fr.SN
0%
48Joseph DanielsGr.DB
0%
12Julian HumphreyFr.DB
0%
3Kamari LassiterSo.DB
0%
10Kearis JacksonSr.WR
0%
6Kenny McIntoshSr.RB
0%
82Logan JohnsonR-Fr.WR
0%
29Luke BennettFr.WR
0%
57Luke CollinsR-Fr.OLB
0%
24Malaki StarksFr.DB
0%
28Marcus Washington, Jr.Fr.DB
0%
7Marvin Jones, JrFr.OLB
0%
97Matthew SumlinR-So.PK/P
0%
87Mekhi MewsR-Fr.WR
0%
56Micah MorrisR-Fr.OL
0%
76Miles JohnsonR-So.OL
0%
39Miles ThorntonFr.WR
0%
8MJ ShermanJr.OLB
0%
13Mykel WilliamsFr.DL
0%
24Nathan PriestleyJr.WR
0%
78Nazir StackhouseJr.DL
0%
98Noah JonesR-Fr.P
0%
39Parker JonesFr.WR
0%
38Patrick TaylorR-So.DB
0%
47Payne WalkerSr.SN
0%
46Payton BowlesR-So.DB
0%
36Randon JerniganSr.WR
0%
33Robert Beal Jr.Sr.OLB
0%
49Samuel JohnsonR-So.TE
0%
20Sevaughn ClarkJr.RB
0%
95Shone WashingtonFr.DL
0%
30Terrell FosterFr.ILB
0%
90Tramel WalthourSr.DL
0%
15Trezmen MarshallJr.ILB
0%
93Tyrion Ingram-DawkinsR-Fr.DL
0%
97Warren BrinsonJr.DL
0%
50Warren EricsonSr.OL
0%
70Warren McClendonJr.OL
0%
79Weston WallaceR-So.OL
0%
56William MoteJr.SN
0%
18Xavian Sorey Jr.R-Fr.ILB
0%
73Xavier TrussJr.OL
0%
96Zion LogueJr.DL
0%

Score Distribution

Percentile by Number Answered

Percent of People with Each Score

Your Score History

You have not taken this quiz